Diseño del sistema de abastecimiento de agua potable Barrio 31 de diciembre

Presenta el diseño del sistema de abastecimiento de agua potable barrio 31 de diciembre mediante el levantamiento topográfico en la zona así como la realización de un estudio de la población a través de encuesta con el objetivo de determinar el total de la población a servir, realizar un aná...

Full description

Bibliographic Details
Main Author: Silva Espinoza, Ileana Margarita
Other Authors: Tutor: Baltodano Maldonado, José Ángel
Format: Tesis Section = Libro
Language:Undetermined
Spanish
Published: Managua UNI 2009
Subjects:
LEADER 01219nam a2200241Ia 4500
008 240830s9999 xx 000 0 und d
040 |a BIBLIOTECA-RUPAP T.Mon 628.1 S586 
041 |a spa 
082 |a T.Mon 628.1 S586 
100 1 |a Silva Espinoza, Ileana Margarita 
245 1 0 |a Diseño del sistema de abastecimiento de agua potable Barrio 31 de diciembre 
260 |a Managua  |b UNI  |c 2009 
300 |a 75 p. :il. 
500 |a Contiene: anexos. 
502 |a Tesis (Ingeniero Civil)- UNI, 2009. 
520 3 |a Presenta el diseño del sistema de abastecimiento de agua potable barrio 31 de diciembre mediante el levantamiento topográfico en la zona así como la realización de un estudio de la población a través de encuesta con el objetivo de determinar el total de la población a servir, realizar un análisis hidráulico a la red propuesta para el barrio 31 de diciembre acorde a las normas y criterios de diseño de INAA y proponer la red de abastecimiento de agua. 
650 7 |a ABASTECIMIENTO DE AGUA 
650 7 |b DISTRIBUCION DE AGUA POTABLE 
650 7 |c DISEÑO DE ALCANTARILLADO. 
700 1 |a Tutor:  |b Baltodano Maldonado, José Ángel 
942 |c BK  |2 ddc 
991 |a TESIS 
999 |c 18441